000 00864nam a2200217 i 4500
001 63448
003 ES-MaACL
005 20250707074011.0
007 t|
008 031210s1956 sp ||||1| spa d
100 1 _aFerrer Ezquerra, Luis.
_950461
245 1 0 _aCatálogo de colegiales del Colegio Mayor de Santiago el Cebedeo, del Arzobispo de Salamanca /
_cLuis Ferrer Ezquerra, Higinio Misol García.
260 _aSalamanca :
_bUniversidad de Salamanca,
_c1956 (
_eMadrid :
_fYagües)
300 _a245 p. ;
_c24 cm.
490 1 _aActa Salmanticensia. Historia de la Universidad ;
_v1, n.3
610 2 4 _aColegio Arzobispo Fonseca (Salamanca)
_9157572
700 1 _aMisol García, Higinio.
_981654
830 0 0 _aActa Salmanticensia. Historia de la Universidad
_v1, n.3
_9178181
852 _aES-MaACL
_jC-12926
_bR.40707
999 _c63448
_d63448